| 000 | 00719nam a2200181 a 4500 | ||
|---|---|---|---|
| 001 | 000026369 | ||
| 005 | 20200930024532.0 | ||
| 008 | 110315s1986 dr 000 0 spa d | ||
| 040 |
_aDO-SdBNP _bspa _cBNPHU |
||
| 100 | 1 |
_aDressel, Kalus _953396 |
|
| 245 | 1 | 0 |
_aCrisis y metodología económica : _bsugerencias críticas a José Luis Alemán / _cKalus Dressel. |
| 260 |
_aSanto Domingo : _bEditora Universitaria, _c1986. |
||
| 300 |
_a51 P. ; _c21 cm. |
||
| 490 | 1 |
_aPublicaciones de la Universidada Autónoma de Santo Doomingo _v483 _ateoría y método _v1 |
|
| 504 | _aBibliografía: p. 47 -51 | ||
| 830 | 0 |
_aPublicaciones de la Universidada Autónoma de Santo Doomingo _v483 _pteoría y método _n1 _953397 |
|
| 049 | _aBNPD | ||
| 999 |
_c25861 _d25861 |
||